Регионална библиотека "Любен Каравелов" - Русе

Изкушението Швейцария (Запис номер 41513)

MARC детайли
000 -Лидер
Контролно поле с фиксирана дължина 01641nam a2200349 c 4500
003 - Код на организацията, давaща контролен номер
Контролно поле BLK
005 - Дата и час на последна редакция
Контролно поле 20180420221320.0
008 - Елементи от данни с фиксирана дължина
fixed length control field 180408b bul|||||r ||||||| ||bul||
010 ## - Наследен системен номер
LC control number KNG00045078000
020 ## - Международен стандартен номер на книга ISBN
Международен стандартен номер на книга ISBN 978-954-8483-15-5
-- издат.: Парнас
040 ## - Източник на каталожния запис
Идентификатор на билиотеката - собственик на записа BLK
041 ## - Код за език
Код за езика на текст/звукозапис или на отделно заглавие Български
Код за езика КДБФ Български
072 #7 - Код за тематичната категория
Код организация bullib
Код за тематична категория Н30
Текст Обществени науки Н
080 ## - УДК
Текстов определител УДК Социография. Социално положение. Условия на политическия и социалния живот. Социално и социално-икономическо положение на отделните страни, народи, раси. Социална география. (Общи въпроси)
УДК код - определител по УДК 308
УДК определител (494)(0:82-4)
УДК - код + определител 308(494)(0:82-4)
080 ## - УДК
Текстов определител УДК Българска литература
УДК код - определител по УДК 821.163.2
УДК определител -4
УДК - код + определител 821.163.2-4
100 1# - Редна дума - Автор
Автор Коларова-Шиндлер, Румена
Авторска отговорност първи автор
R(LIN) 277786
139 ## - Редно поле
Редна дума Коларова-Шиндлер, Румена
Авторски знак Кок - К 77
245 10 - Сведения за заглавието
Заглавие Изкушението Швейцария
Редно поле (дума) Румена Коларова-Шиндлер.
257 ## - Страна на издаване
Страна на създаване/издаване България
260 ## - Област на издателските данни
-- Русе
Име на издателя, разпространителя и проч. Парнас
Година на издаване 2011
Печатница В. Търново : Абагар
300 ## - Физическа характеристика
Страници 200 с.
Илюстрации и др. с ил., к.
Размери/Мащаб 21Х21 см
380 ## - Жанр
Жанр География
650 #4 - Допълнително описание по предмет – тема
Основно описание – тема или топоним Швейцария - социално-икономическо положение
9 (RLIN) 277787
651 #4 - Допълнително описание по предмет - топоним
Географско понятие Швейцария
9 (RLIN) 179801
653 ## - Ключова дума – ненормативна
Ключова дума Швейцария
659 ## - Тематичен бюлетин
Тематичен бюлетин Н
852 ## - Местоположение
Форматна сигнатура Цб 254198
856 4# - Електронен адрес и достъп
Електронен формат pdf - файл
Път до файла /url/
856 4# - Електронен адрес и достъп
Електронен формат pdf - файл
Път до файла /url/
942 ## - АРТИКУЛИ
Вид на библиотечния материал Книги
Скрит в OPAC Не
944 ## - СЪЗДАВАНЕ И РЕДАКЦИЯ на ЗАПИСА
Създаване/Редакция Създаване
Дата на регистрацията/редакция 29.12.2011
Статус, дата на статуса ф /
Служител, извършил регистрацията/редакцията Людмила_Стоянова
944 ## - СЪЗДАВАНЕ И РЕДАКЦИЯ на ЗАПИСА
Създаване/Редакция Редакция
Дата на регистрацията/редакция 15.02.2012
Статус, дата на статуса ф /
Служител, извършил регистрацията/редакцията
999 ## - СИСТЕМНИ КОНТРОЛНИ НОМЕРА
Koha biblionumber 41513
Koha biblioitemnumber 41513
Наличности
Код за отписване Код за изгубен артикул Код за повреда Коз за рестрикции Код за отдаване Артикулен № Име на библиотеката - собственик Име на библиотеката, в която се намира в момента Статус (Текущо местоположение) Дата на вписване в системата Местоположение - отдел Цена в лева Инвентарен номер Систематично азбучна сигнатура Баркод Номер на екземпляра Цена в евро Служебна бележка Служебен тип на артикула
  Не е изгубен Не е повреден без рестрикции заемане за дома 65092 Регионална библиотека "Любен Каравелов" Русе Регионална библиотека "Любен Каравелов" Русе Заемна - подръчен фонд 2011-12-16 Заемна - подръчен фонд 15.00 120000755708 П 308(4)/К 77 120000755708 1 7.67 Дост: Pk Вид: Ф N: 251 Дата: 15.12.2011 Дата инв: 02.02.2018 Бележки инв: П2018 Книги
  Не е изгубен Не е повреден без рестрикции заемане за дома 65093 Регионална библиотека "Любен Каравелов" Русе Регионална библиотека "Любен Каравелов" Русе Заемна - подръчен фонд 2011-12-16 Заемна - подръчен фонд 15.00 120000755709 П 308(4)/К 77 120000755709 2 7.67 Дост: Pk Вид: Ф N: 251 Дата: 15.12.2011 Дата инв: 02.02.2018 Бележки инв: П2018 Книги
  Не е изгубен Не е повреден без рестрикции ползва се в читалня 65094 Регионална библиотека "Любен Каравелов" Русе Регионална библиотека "Любен Каравелов" Русе Читалня 2011-12-16 Читалня 15.00 120000755710 Ч 308(4)/К 77 120000755710 3 7.67 Дост: Pk Вид: Ф N: 251 Дата: 15.12.2011 Дата инв: 30.03.2017 Бележки инв: Ч2017 Книги
Vip Innovations Ltd, Rousse, Bulgaria 2025